00909cam a2200241 450000100040000000500170000400800390002101000150006002000150007502000470009002000180013702000500015510000190020524500650022425000130028926000380030230000460034050400510038665000380043765000240047599900130049995201550051219720181127160812.0060118s2007 njuab b 001 0 eng a2006001629 a0131869493 a0132301334 (Pearson International Edition) a9780131869493 a9780132301336 (Pearson International Edition)1 aDavid, Fred R.10aStrategic management :bconcepts and cases /cFred R. David. a12th ed. aNew Delhi :bPHI Learning,c2009. axxxi, 336, 326 p. :bill., maps ;c26 cm. aIncludes bibliographical references and index. 0aStrategic planningvCase studies. 0aStrategic planning. c178d178 00102ddc40708MAINaRTCLIBbRTCLIBcMAINd2022-03-12g550.00h i3424l5m2o658.4 DAVp30001969r2025-11-10 00:00:00s2025-08-06w2018-11-27yMAIN